Homenaje al Profesor Marañón / (Record no. 120644)

MARC details
000 -LEADER
campo de control de longitud fija 00770nam a2200205 4500
001 - NÚMERO DE CONTROL
campo de control 120644
003 - IDENTIFICADOR DE NÚMERO DE CONTROL
campo de control ES-MaACL
005 - FECHA Y HORA DE LA ÚLTIMA TRANSACCIÓN
campo de control 20231228062659.0
007 - CAMPO FIJO DE DESCRIPCIÓN FÍSICA--INFORMACIÓN GENERAL
campo de control de longitud fija t|
008 - DATOS DE LONGITUD FIJA--INFORMACIÓN GENERAL
campo de control de longitud fija 070214s1963 sp r ||||1| spa d
100 1# - ENTRADA PRINCIPAL--NOMBRE DE PERSONA
Nombre de persona Pozuelo Escudero, Vicente.
9 (RLIN) 93555
245 10 - MENCIÓN DEL TÍTULO
Título Homenaje al Profesor Marañón /
Mención de responsabilidad, etc. Director del curso y su publicación, Dr. Vicente Pozuelo Escudero.
260 ## - PUBLICACIÓN, DISTRIBUCIÓN, ETC.
Lugar de publicación, distribución, etc. Madrid :
Nombre del editor, distribuidor, etc. Lib. Científico-Médica Española,
Fecha de publicación, distribución, etc. 1963.
300 ## - DESCRIPCIÓN FÍSICA
Extensión XVI, 609 p., 24 lám. ;
Dimensiones 25 cm.
500 ## - NOTA GENERAL
Nota general Precede al tít.: Primer Curso Internacional de Endocrinología.
700 1# - ENTRADA AGREGADA--NOMBRE PERSONAL
Nombre de persona Marañón, Gregorio,
Fechas asociadas al nombre 1887-1960
9 (RLIN) 76311
711 2# - ENTRADA AGREGADA--NOMBRE DE REUNIÓN
Nombre de congreso/reunión o jurisdicción como elemento de entrada Curso Internacional de Endocrinología (
Fecha del congreso o de la firma del tratado 1963? (
Número del congreso/reunión o número de parte o sección . 1º)
9 (RLIN) 610
852 ## - LOCALIZACIÓN
Ubicación ES-MaACL
Número de control de estantería C-24125
Sublocalización o colección R.53129
Holdings
Estatus retirado Estado de pérdida Estado de daño No para préstamo Biblioteca de origen Biblioteca actual Ubicación en estantería Fecha de adquisición Fuente de adquisición Total de préstamos Signatura topográfica completa Código de barras Visto por última vez Precio de reemplazo Tipo de ítem Koha
        Biblioteca del Ateneo de Madrid Biblioteca del Ateneo de Madrid Depósito 2 17/01/2008     C-24125 1125751 23/02/2023 23/02/2023 Libro impreso